Enciclopedia del hierro forjado = Wrought iron encyclopedia / (Registro nro. 11530)

Detalles MARC
000 -LIDER
fixed length control field 00955nam a22002897a 4500
003 - IDENTIFICACDOR DE NÚMERO DE CONTROL
control field DO-SdBNP
005 - DATE AND TIME OF LATEST TRANSACTION
control field 20231012105530.0
008 - ELEMENTOS DE LONGITUD FIJA
fixed length control field 161011b200322 sp 00| 0 spa d
020 ## - ISBN
International Standard Book Number 8482362771
040 ## - FUENTE DE CATALOGACIÓN
Agencia que crea de manera original el registro BPMSU
Idioma de catalogación spa
Agencia que realiza la transcripción BPMSU
082 #4 - NÚMERO DE CLASIFICACIÓN DECIMAL DE DEWEY
Classification number R739.4
Item number G216e 2003
Edition number 22
245 00 - MENCIÓN DE TITULO
Título Enciclopedia del hierro forjado = Wrought iron encyclopedia /
Mención de responsabilidad redacción : Anna García Pascual ; traducción : Nadia Drandov.
246 10 - VARIACION DEL TÍTULO
Título propiamente dicho o título corto Hierro forjado
246 13 - VARIACION DEL TÍTULO
Título propiamente dicho o título corto Enciclopedia del hierro forjado
260 ## - PUBLICACIÓN, DISTRIBUCIÓN, ETC. (PIE DE IMPRENTA)
Lugar de publicación, distribución, etc Barcelona :
Nombre del editor, distribuidor, etc. Idea Books,
Fecha de publicación, distribución, etc 2003.
300 ## - DESCRIPCIÓN FÍSICA
Extensión 714 p. :
Otros detalles físicos il. ;
Dimensiones 32 cm
546 ## - NOTA DE IDIOMA
Nota de idioma Texto en inglés y español
590 ## - NOTA LOCAL
Texto de la nota local Inventariado, /2023VM
650 #4 - ENCABEZAMIENTO DE MATERIA--TEMÁTICO
Término temático o nombre geográfico como elemento de entrada Hierro forjado
Subdivisión de forma Enciclopedias
650 #4 - ENCABEZAMIENTO DE MATERIA--TEMÁTICO
Término temático o nombre geográfico como elemento de entrada Herrajes
650 #4 - ENCABEZAMIENTO DE MATERIA--TEMÁTICO
Término temático o nombre geográfico como elemento de entrada Herrería
Subdivisión de forma Enciclopedias
700 1# - ASIENTO SECUNDARIO -- NOMBRE PERSONAL
Nombre personal Drandov, Nadia
Mención de responsabilidad trad.
700 1# - ASIENTO SECUNDARIO -- NOMBRE PERSONAL
Nombre personal García Pascual, Anna
Mención de responsabilidad redación
910 ## - VALIDACIÓN
Validación VMateo V./Validado. Control de calidad MFF
942 ## - ADDED ENTRY ELEMENTS (KOHA)
Source of classification or shelving scheme Dewey Decimal Classification
Koha item type Libros
956 ## - LOCAL ELECTRONIC LOCATION AND ACCESS (OCLC)
Nombre de host
Existencias
Withdrawn status Lost status Source of classification or shelving scheme Damaged status Not for loan Collection code Home library Current library Date acquired Total Checkouts Full call number Barcode Date last seen Price effective from Koha item type
    Dewey Decimal Classification     Colección de Referencia General Biblioteca Pública Metropolitana Salomé Ureña Biblioteca Pública Metropolitana Salomé Ureña 10/11/2016   BPMSU CGR R739.4 G216e 2003 BPMSU16100099 10/11/2016 10/11/2016 Libros